Ecología
Gorde:
| Egile nagusia: | |
|---|---|
| Formatua: | Liburua |
| Hizkuntza: | gaztelania |
| Argitaratua: |
Barcelona
Omega
1977
|
| Edizioa: | 2a. ed |
| Gaiak: | |
| Etiketak: |
Etiketa erantsi
Etiketarik gabe, Izan zaitez lehena erregistro honi etiketa jartzen!
|
MARC
| LEADER | 00000nam a2200000 a 4500 | ||
|---|---|---|---|
| 001 | UCU4183 | ||
| 003 | CL-VaPUC | ||
| 008 | 960517e19770000SP |||||||||||||||||spa|d | ||
| 082 | 0 | 4 | |a 577 |b MAR |2 21 |
| 100 | |a Margalef, Ramón |e autor |9 396130 | ||
| 245 | 1 | 0 | |a Ecología |
| 250 | |a 2a. ed | ||
| 300 | |a 951 p | ||
| 942 | |c BK | ||
| 945 | |d 19960517 00:00:00 |a paguirre | ||
| 260 | |a Barcelona |b Omega |c 1977 | ||
| 650 | 0 | |a Ecología |9 258124 | |
| 650 | 0 | |a Medio ambiente |9 257625 | |
| 650 | 0 | |a Atmósfera |9 261875 | |
| 650 | 0 | |a Radiación |9 259874 | |
| 650 | 0 | |a Energía |9 259431 | |
| 650 | 7 | |a BIOGEOGRAFIA |2 CL-VaPUC |9 347934 | |
| 650 | 0 | |a Ecosistemas |9 261477 | |
| 650 | 7 | |a ECOLOGIA ANIMAL |2 CL-VaPUC |9 361660 | |
| 583 | |a last modification |c 19960517 00:00:00 |k Rodrigo Vera | ||
| 999 | |c 247980 |d 247978 | ||
| 952 | |0 0 |1 0 |4 0 |6 577_000000000000000_MAR_1977 |7 0 |8 A |9 264279 |a BIBING |b BIBING |d 2019-11-19 |i 1664697 |l 1 |o 577 MAR 1977 |p 1664697 |r 2025-01-20 |s 2023-03-16 |w 2019-11-19 |y BK |k GEO | ||